000 00467nam a2200157 a 4500
001 000025864
005 20200930024117.0
008 110223s1982 cc a r 000 0 spa d
040 _aDO-SdBNP
_bspa
_cBNPHU
082 _ann*
_bnn*
245 0 0 _aRepública de China :
_blos 70 años /
_cPrefacio de James C. Y. Soong.
260 _aTaiwan, China :
_bChina,
_c1982.
300 _a184 p. :
_bil. ;
_c31 cm.
700 1 _aSoongo, James C. Y.,
_epról.
_952706
049 _aBNGR
999 _c25356
_d25356